[Event "Chesterfield SPICE Cup op"]
[Site "Chesterfield"]
[Date "2023.12.21"]
[Round "8"]
[White "Takahashi, Michael John"]
[Black "Liang, Yu Cheng"]
[Result "1/2-1/2"]
[WhiteElo "2033"]
[BlackElo "2089"]
[PlyCount "49"]
[EventDate "2023.12.17"]
[EventType "swiss"]
[EventRounds "9"]
[EventCountry "USA"]
[SourceTitle "CBM 217 Extra"]
[Source "ChessBase"]
[SourceDate "2024.01.31"]
[SourceVersion "1"]
[SourceVersionDate "2024.01.31"]
[SourceQuality "1"]

1. d4 Nf6 2. c4 e6 3. Nc3 Bb4 4. e3 c5 5. Nge2 cxd4 6. exd4 d5 7. a3 Be7 8. cxd5 Nxd5 9. Nxd5 exd5 10. Nf4 0-0 11. Bd3 Nc6 12. 0-0 Bf6 13. Be3 g6 14. Rc1 Qd6 15. Rc5 Be6 16. Nxe6 Qxe6 17. Qa4 a6 18. Rfc1 b5 19. Qd1 Na5 20. Qf3 Rfd8 21. R5c3 Ra7 22. a4 Nc4 23. b3 Nxe3 24. Rc6 Rd6 25. Rxd6 1/2-1/2

[Event "Chesterfield SPICE Cup op"]
[Site "Chesterfield"]
[Date "2023.12.18"]
[Round "3"]
[White "Liang, Yu Cheng"]
[Black "Tsay, Vincent"]
[Result "1/2-1/2"]
[WhiteElo "2089"]
[BlackElo "2353"]
[PlyCount "150"]
[EventDate "2023.12.17"]
[EventType "swiss"]
[EventRounds "9"]
[EventCountry "USA"]
[SourceTitle "CBM 217 Extra"]
[Source "ChessBase"]
[SourceDate "2024.01.31"]
[SourceVersion "1"]
[SourceVersionDate "2024.01.31"]
[SourceQuality "1"]

1. Nf3 d5 2. c4 e6 3. b3 Nf6 4. Bb2 b6 5. cxd5 exd5 6. e3 Bd6 7. Nc3 0-0 8. Nb5 Be7 9. Be5 Na6 10. Rc1 c5 11. Be2 Bb7 12. 0-0 Ne8 13. d4 Nac7 14. Nxc7 Nxc7 15. dxc5 bxc5 16. Nd4 Re8 17. Bd3 Bf8 18. Bg3 Ne6 19. Nxe6 Rxe6 20. Qc2 g6 21. Rfd1 Qe7 22. Be2 h5 23. h4 Rd8 24. Bf3 d4 25. Bxb7 Qxb7 26. Qc4 Re4 27. exd4 Rexd4 28. Qf1 Bg7 29. Re1 Rd3 30. Be5 Qd5 31. Bxg7 Kxg7 32. Qe2 Rd2 33. Qe3 Rxa2 34. Rxc5 Qd4 35. Qxd4+ Rxd4 36. Rc4 Rxc4 37. bxc4 Rc2 38. Ra1 Rxc4 39. Rxa7 Rxh4 40. g3 Rb4 41. Kg2 g5 42. Rc7 Kg6 43. Rc8 h4 44. gxh4 Rxh4 45. Kg3 Rd4 46. Ra8 Rd3+ 47. Kg2 f5 48. Rh8 g4 49. Rg8+ Kf6 50. Rf8+ Kg5 51. Rg8+ Kf4 52. Ra8 Rd1 53. Ra4+ Kg5 54. Ra8 Rd2 55. Rg8+ Kf4 56. Ra8 Rb2 57. Ra4+ Kg5 58. Ra8 Rb1 59. Rg8+ Kf4 60. Ra8 Rd1 61. Ra4+ Kg5 62. Ra8 Rd6 63. Rg8+ Rg6 64. Ra8 f4 65. Ra5+ Kh4 66. Ra8 Re6 67. Rh8+ Kg5 68. Rg8+ Kf5 69. Rf8+ Rf6 70. Re8 Rf7 71. Ra8 Rh7 72. Rf8+ Kg5 73. Rg8+ Kf5 74. Rf8+ Kg5 75. Rg8+ Kf5 1/2-1/2

[Event "Sunnyvale Silicon Valley Fall op"]
[Site "Sunnyvale"]
[Date "2023.09.01"]
[Round "3"]
[White "Liang, Yu Cheng"]
[Black "Yan, Nathan"]
[Result "1-0"]
[WhiteElo "2172"]
[BlackElo "2119"]
[PlyCount "55"]
[EventDate "2023.08.31"]
[EventType "swiss"]
[EventRounds "7"]
[EventCountry "USA"]
[SourceTitle "CBM 216 Extra"]
[Source "ChessBase"]
[SourceDate "2023.11.30"]
[SourceVersion "1"]
[SourceVersionDate "2023.11.30"]
[SourceQuality "1"]

1. d4 Nf6 2. c4 e6 3. Nc3 Bb4 4. e3 d5 5. Nf3 0-0 6. Bd3 c5 7. 0-0 Nc6 8. cxd5 exd5 9. dxc5 Bxc5 10. h3 Be6 11. b3 Qd7 12. Ne2 Rfd8 13. Bb2 Ne4 14. Nfd4 Rac8 15. Nxc6 Qxc6 16. Rc1 Qb6 17. Nd4 Bb4 18. Rxc8 Rxc8 19. Bxe4 dxe4 20. Nxe6 Qxe6 21. Bxg7 Qa6 22. Bb2 Qc6 23. Qg4+ Kf8 24. Rc1 Qxc1+ 25. Bxc1 Rxc1+ 26. Kh2 Bd6+ 27. g3 Rc2 28. Kg2 1-0

[Event "Sunnyvale Independence Day op"]
[Site "Sunnyvale"]
[Date "2023.07.01"]
[Round "2"]
[White "Campos Jimenez, Augusto Cesar"]
[Black "Liang, Yu Cheng"]
[Result "1-0"]
[WhiteElo "2292"]
[BlackElo "2226"]
[PlyCount "71"]
[EventDate "2023.06.30"]
[EventType "swiss"]
[EventRounds "9"]
[EventCountry "USA"]
[SourceTitle "EXT 2024"]
[Source "ChessBase"]
[SourceDate "2023.10.10"]
[SourceVersion "1"]
[SourceVersionDate "2023.10.10"]
[SourceQuality "1"]

1. Nf3 Nf6 2. g3 e6 3. Bg2 d5 4. 0-0 Be7 5. d4 0-0 6. c4 dxc4 7. Qc2 a6 8. a4 Bd7 9. Rd1 Bc6 10. Nc3 Nbd7 11. e4 b5 12. d5 exd5 13. e5 b4 14. exf6 Nxf6 15. Ne5 Bb7 16. Nxd5 Nxd5 17. Qxc4 Bd6 18. Nc6 Bxc6 19. Qxc6 Nf6 20. Qxa8 Qxa8 21. Bxa8 Rxa8 22. Bf4 Bxf4 23. gxf4 Rc8 24. Rac1 Kf8 25. Rc6 a5 26. Rc5 Ne4 27. Rxa5 c5 28. Ra7 c4 29. Rdd7 c3 30. Rxf7+ Kg8 31. Rxg7+ Kh8 32. Rxh7+ Kg8 33. bxc3 Nxc3 34. f5 Nd5 35. Rag7+ Kf8 36. Rh8+ 1-0

[Event "Sunnyvale Independence Day op"]
[Site "Sunnyvale"]
[Date "2023.07.01"]
[Round "3"]
[White "Liang, Yu Cheng"]
[Black "Maass Garza, Alejandro"]
[Result "1-0"]
[WhiteElo "2226"]
[BlackElo "2236"]
[PlyCount "143"]
[EventDate "2023.06.30"]
[EventType "swiss"]
[EventRounds "9"]
[EventCountry "USA"]
[SourceTitle "EXT 2024"]
[Source "ChessBase"]
[SourceDate "2023.10.10"]
[SourceVersion "1"]
[SourceVersionDate "2023.10.10"]
[SourceQuality "1"]

1. d4 d5 2. c4 e6 3. Nc3 Nf6 4. Bg5 Be7 5. Nf3 0-0 6. e3 c6 7. Rc1 h6 8. Bh4 Qa5 9. Qb3 Nbd7 10. Bd3 Qd8 11. 0-0 Nh5 12. Bxe7 Qxe7 13. Ne5 Nhf6 14. f4 dxc4 15. Bxc4 Nd5 16. Ne4 N7b6 17. Rf3 f5 18. Nc5 Qe8 19. Be2 Rf6 20. Kh1 a5 21. g4 a4 22. Qd3 Nd7 23. Ncxd7 Bxd7 24. g5 hxg5 25. fxg5 Rf8 26. Rh3 Ne7 27. Qd2 f4 28. Bd3 g6 29. Qe1 Kg7 30. Qh4 Rh8 31. Qxh8+ Qxh8 32. Rxh8 Rxh8 33. Nxd7 fxe3 34. Nc5 Nd5 35. Nxe6+ Kf7 36. Nc5 Rh4 37. Ne4 Nf4 38. Bb1 Rg4 39. Ng3 Rxg5 40. Rf1 Rg4 41. Ne2 g5 42. Nxf4 gxf4 43. Be4 Ke6 44. Bf3 Rg7 45. Rg1 Rh7 46. Rg5 Kf6 47. Re5 Rg7 48. Re4 Kf5 49. Re5+ Kf6 50. Bg2 Rg8 51. h3 c5 52. Rxc5 Rd8 53. d5 Rd6 54. Kg1 Ke5 55. Kf1 Kd4 56. Rc3 Rb6 57. Rc2 Kd3 58. Re2 Rg6 59. Re1 Rg3 60. Rd1+ Kc2 61. Rd4 f3 62. Bxf3 Rxf3+ 63. Ke2 Rxh3 64. Rxa4 Rh5 65. Rb4 Rxd5 66. Rxb7 Ra5 67. a3 Re5 68. a4 Ra5 69. Rb4 Re5 70. Rb5 Re4 71. a5 Ra4 72. Kxe3 1-0

[Event "Chesterfield SPICE Cup op"]
[Site "Chesterfield"]
[Date "2022.12.20"]
[Round "4"]
[White "Liang, Yu Cheng"]
[Black "Wu, Rochelle"]
[Result "1/2-1/2"]
[WhiteElo "2071"]
[BlackElo "2298"]
[PlyCount "57"]
[EventDate "2022.12.18"]
[EventType "swiss"]
[EventRounds "9"]
[EventCountry "USA"]
[SourceTitle "CBM 212 Extra"]
[Source "ChessBase"]
[SourceDate "2023.03.31"]
[SourceVersion "1"]
[SourceVersionDate "2023.03.31"]
[SourceQuality "1"]

1. d4 Nf6 2. c4 e6 3. Nc3 Bb4 4. e3 0-0 5. Bd3 d5 6. Nf3 dxc4 7. Bxc4 c5 8. 0-0 cxd4 9. exd4 b6 10. Qe2 Bb7 11. Rd1 h6 12. Bf4 Nd5 13. Nxd5 Bxd5 14. Rac1 Nc6 15. Bxd5 Qxd5 16. Qc4 Rac8 17. Qxd5 exd5 18. Rc2 Ne5 19. Rdc1 Nxf3+ 20. gxf3 Rcd8 21. Rc7 Bd6 22. Bxd6 Rxd6 23. Rxa7 Re8 24. Kf1 Rf6 25. Rd7 Rxf3 26. Rxd5 Rh3 27. Kg2 Rh4 28. Rc2 Re6 29. f3 1/2-1/2

[Event "Chicago op 31st"]
[Site "Chicago"]
[Date "2022.05.30"]
[Round "8"]
[White "Liang, Yu Cheng"]
[Black "Adewumi, Tanitoluwa"]
[Result "1/2-1/2"]
[WhiteElo "1994"]
[BlackElo "2305"]
[PlyCount "90"]
[EventDate "2022.05.26"]
[EventType "swiss"]
[EventRounds "9"]
[EventCountry "USA"]
[SourceTitle "CBM 208 Extra"]
[Source "ChessBase"]
[SourceDate "2022.07.31"]
[SourceVersion "1"]
[SourceVersionDate "2022.07.31"]
[SourceQuality "1"]

1. d4 Nf6 2. c4 e6 3. Nc3 Bb4 4. e3 0-0 5. Bd3 d5 6. Nf3 a6 7. cxd5 exd5 8. 0-0 b6 9. a3 Bd6 10. b4 Bb7 11. Bb2 Nbd7 12. Rc1 Re8 13. Ne2 Ne4 14. Ng3 g6 15. Qb3 h5 16. Rfd1 h4 17. Ne2 h3 18. Bxe4 Rxe4 19. g3 c6 20. Qd3 Re8 21. Nc3 Qe7 22. Qf1 Qf6 23. Qxh3 Bc8 24. Qg2 Nf8 25. Re1 Bg4 26. Nd2 Qh8 27. Ne2 Bh3 28. Qf3 Ne6 29. Rxc6 Rad8 30. Rcc1 Ng5 31. Qh1 Bg4 32. Nf4 Bxf4 33. exf4 Nh3+ 34. Kf1 Qh5 35. Re5 Be2+ 36. Ke1 Bb5 37. Qf3 f6 38. Qxh5 gxh5 39. Re3 Rc8 40. Rxc8 Rxc8 41. Rc3 Re8+ 42. Re3 Rd8 43. Nb1 Kf7 44. Nc3 Bc4 45. Ne2 Re8 1/2-1/2

[Event "Milpitas Silicon Valley op 1st"]
[Site "Milpitas"]
[Date "2021.05.23"]
[Round "5"]
[White "Katz, Alexander R"]
[Black "Liang, Yu Cheng"]
[Result "1-0"]
[WhiteElo "2400"]
[BlackElo "1567"]
[PlyCount "75"]
[EventDate "2021.05.22"]
[EventType "swiss"]
[EventRounds "5"]
[EventCountry "USA"]
[SourceTitle "CBM 203 Extra"]
[Source "ChessBase"]
[SourceDate "2021.09.30"]
[SourceVersion "1"]
[SourceVersionDate "2021.09.30"]
[SourceQuality "1"]

1. e4 c6 2. d4 d5 3. Nc3 dxe4 4. Nxe4 Bf5 5. Ng3 Bg6 6. h4 h6 7. Nf3 Nd7 8. h5 Bh7 9. Bd3 Bxd3 10. Qxd3 e6 11. Bd2 Qc7 12. 0-0-0 0-0-0 13. Kb1 Ngf6 14. c4 Bd6 15. Ne2 c5 16. Qc2 cxd4 17. Nexd4 a6 18. b4 Ne5 19. Nxe5 Bxe5 20. Nb3 Bf4 21. Bc3 Rxd1+ 22. Rxd1 Rd8 23. Rxd8+ Kxd8 24. Bxf6+ gxf6 25. g3 Bd6 26. Qd2 Ke8 27. c5 Bf8 28. Qd4 Qc6 29. Qf4 Qd5 30. g4 Bg7 31. Kc2 e5 32. Qf5 Qc4+ 33. Kb2 Kd8 34. Ka3 Qd5 35. f3 Kc7 36. Qe4 Qe6 37. Na5 Qc8 38. Qd5 1-0

[Event "Washington State-chC"]
[Site "Kirkland"]
[Date "2020.02.17"]
[Round "9"]
[White "Liang, Yu Cheng"]
[Black "Kuhner, Mary"]
[Result "1/2-1/2"]
[WhiteElo "1511"]
[BlackElo "1702"]
[PlyCount "66"]
[EventDate "2020.02.08"]
[EventType "tourn"]
[EventRounds "9"]
[EventCountry "USA"]
[SourceTitle "EXT 2023"]
[Source "ChessBase"]
[SourceDate "2022.10.05"]
[SourceVersion "1"]
[SourceVersionDate "2022.10.05"]
[SourceQuality "1"]

1. d4 e6 2. c4 f5 3. Nc3 Nf6 4. g3 d5 5. Nf3 c6 6. Bg2 Bd6 7. b3 0-0 8. 0-0 Nbd7 9. Bb2 Ne4 10. Qc2 Ndf6 11. Rad1 Bd7 12. Ne5 Ng4 13. Nxe4 Bxe5 14. dxe5 fxe4 15. Qd2 Rxf2 16. Rxf2 e3 17. Qd4 exf2+ 18. Kh1 Qg5 19. Bc1 Qg6 20. cxd5 exd5 21. h3 Rf8 22. Ba3 Rf5 23. e6 Qxe6 24. Qxg4 h5 25. Qb4 Qxe2 26. Rf1 Rf6 27. Qe7 Be6 28. Qxb7 Bf5 29. Qxa7 Be4 30. Kh2 Bxg2 31. Kxg2 Qf3+ 32. Kh2 Qe2 33. Kg2 Qf3+ 1/2-1/2

[Event "Washington State-chC"]
[Site "Kirkland"]
[Date "2020.02.08"]
[Round "1"]
[White "Vijayakumar, Advaith"]
[Black "Liang, Yu Cheng"]
[Result "1/2-1/2"]
[WhiteElo "1808"]
[BlackElo "1511"]
[PlyCount "113"]
[EventDate "2020.02.08"]
[EventType "tourn"]
[EventRounds "9"]
[EventCountry "USA"]
[SourceTitle "EXT 2023"]
[Source "ChessBase"]
[SourceDate "2022.10.05"]
[SourceVersion "1"]
[SourceVersionDate "2022.10.05"]
[SourceQuality "1"]

1. d4 d5 2. Nf3 c5 3. c3 Nc6 4. e3 e6 5. Bd3 Nf6 6. 0-0 Bd6 7. Nbd2 0-0 8. dxc5 Bxc5 9. e4 e5 10. Qe2 Bg4 11. exd5 Nxd5 12. Ne4 Be7 13. Rd1 Qc7 14. Neg5 Nf6 15. h3 Bh5 16. g4 Bg6 17. Ne4 Rad8 18. Nxf6+ Bxf6 19. Bxg6 Rxd1+ 20. Qxd1 hxg6 21. Qe2 Rd8 22. Be3 Qd7 23. Nd2 Be7 24. Qc4 Qd5 25. Qxd5 Rxd5 26. Nc4 b5 27. Na3 Bxa3 28. bxa3 Rd3 29. Rc1 a6 30. c4 Nd4 31. Bxd4 Rxd4 32. cxb5 axb5 33. Rc5 Rd3 34. Rxb5 Rxa3 35. Rxe5 Rxa2 36. Kg2 f6 37. Re7 Kf8 38. Rb7 Re2 39. Kf3 Re7 40. Rxe7 Kxe7 41. Ke4 g5 42. f4 gxf4 43. Kxf4 g5+ 44. Kf5 Kf7 45. Ke4 Ke6 46. Kd4 f5 47. gxf5+ Kxf5 48. Ke3 g4 49. h4 g3 50. Kf3 g2 51. Kf2 Kg4 52. h5 Kg5 53. h6 Kg6 54. h7 Kg7 55. h8B+ Kg8 56. Bg7 g1N 57. Kxg1 1/2-1/2